00825nam a22002177a 4500999001300000001000500013003000900018005001700027008004100044040003800085082002500123100002800148245008700176260006600263300002300329490007900352650002700431650001400458942001200472952012300484 c738d7384896BD-DhUAP20200127125733.0200127s1994 bg ||||| |||| 00| 0 eng d aBD-DhUAPbEngcBD-DhUAPdBD-DhUAP 223a336.20095492 CHO aChowdhury, Omar Haider. aIncidence of indirect taxation in Bangladesh : b1984/85 /cOmar Haider Chowdhury. aDhaka : bBangladesh Institute of Development Studies,c1994. a42 pages ;c22 cm. aResearch monograph (Banfladesh Institute of Development Studies), no. 16.  aTaxation zBangladesh. aTaxation. 2ddccBK 00102ddc4070aUAPCLbUAPCLcGeneral Stacksd2020-01-27o336.20095492 CHOp3010004896r2020-01-27t1w2020-01-27yBK